| 000 | 00501nam a2200193Ia 4500 | ||
|---|---|---|---|
| 008 | 170918s9999 xx 000 0 und d | ||
| 020 | _a590436112 | ||
| 050 | _bA237 1989 | ||
| 100 | _aAdler, David A. | ||
| 245 | 2 | _aA picture book of Martin Luther King, Jr. / | |
| 245 | _cDavid A. Adler ; illustrated by Robert Casilla. | ||
| 260 | _aNew York : | ||
| 260 | _bScholastic, | ||
| 260 | _c1989 | ||
| 300 | _aunpaged : | ||
| 300 | _bcolored illustration ; | ||
| 300 | _c21cm. | ||
| 500 | _a680 | ||
| 999 |
_c341746 _d341746 |
||